| 000 | 00726nam a2200169 i 4500 | ||
|---|---|---|---|
| 001 | 155129 | ||
| 003 | ES-MaACL | ||
| 005 | 20231228063234.0 | ||
| 008 | 981013s1876 sp b |||| | spa d | ||
| 100 | 1 |
_aHartzenbusch, Juan Eugenio, _d1806-1880 _962011 |
|
| 245 | 1 | 0 |
_aPeriódicos de Madrid _b: tabla cronológica de los incluidos en la obra premiada por la Biblioteca Nacional, en el certamen público de 1873 a Eugenio Hartzenbusch. |
| 260 |
_aMadrid : _b[s.n.], _c1876 ( _fImp., Estereotipia y Galvanoplastia de Aribau y Cª) |
||
| 300 |
_aXXXIII, 330 p. ; _c17 cm. |
||
| 650 | 0 | 4 |
_aPeriódicos- _zMadrid- _vBibliografías. _9168312 |
| 852 |
_aES-MaACL _jF-13444 _z- Enc. pasta española |
||
| 999 |
_c155129 _d155129 |
||